| 000 | 00722nam a2200253Ia 4500 | ||
|---|---|---|---|
| 003 | OSt | ||
| 005 | 20220918110404.0 | ||
| 006 | a|||||r|||| 00| 0 | ||
| 007 | ta | ||
| 008 | 220915b |||||||| |||| 00| 0 eng d | ||
| 024 | _a91681 | ||
| 037 | _cReference Collections | ||
| 040 |
_aARTS _cARTS _beng |
||
| 041 |
_2eng _aeng |
||
| 082 | _aSigma:f, M5(RR) | ||
| 100 |
_aAdams Gerald R. _97514 |
||
| 245 | 0 | _aUnderstanding research methods | |
| 260 |
_aNew York _bLongman _c1985 |
||
| 300 | _aix, 415p | ||
| 650 | _aSOCIAL SCIENCES | ||
| 700 |
_a Schvaneveldt Jay D. _97515 |
||
| 942 |
_hSigma:f, M5(RR) _cREF |
||
| 999 |
_c112536 _d112536 |
||